000 00628nac a22001691u 4500
020 _a8170085829
082 _a621.402
_bR1619
090 _c926
_d926
100 _aRajput, R. K.
245 _aThermal Engineering :
_b(including: trmodynamics, heat engines and non-convention) /
_cR.K. Rajput
250 _a4th ed.
260 _aBangalore :
_bLaxmi Publications,
_c2004
300 _axxxii, 1641 p. :
_bDiagram
_c25 cm.
650 _aHeat engineering
942 _cBB
_k621.402R1619
999 _c926
_d926